[Event "Ostravsky Konik op-A"]
[Site "Ostrava"]
[Date "2024.04.30"]
[Round "4"]
[White "Sobek, Jaroslav"]
[Black "Sernecki, Franciszek"]
[Result "1/2-1/2"]
[WhiteElo "2201"]
[BlackElo "2342"]
[PlyCount "74"]
[EventDate "2024.04.27"]
[EventType "swiss"]
[EventRounds "9"]
[EventCountry "CZE"]
[SourceTitle "CB19_2024"]
[SourceDate "2024.05.08"]
[SourceVersion "1"]
[SourceVersionDate "2024.05.08"]
[SourceQuality "1"]

1. d4 Nf6 2. c4 e6 3. Bf4 Bb4+ 4. Nd2 d6 5. a3 Bxd2+ 6. Qxd2 0-0 7. Qc2 Qe7 8. Nf3 Nbd7 9. e3 e5 10. Bg3 b6 11. Be2 Bb7 12. d5 a5 13. b3 c6 14. dxc6 Bxc6 15. Bh4 Rfc8 16. 0-0 b5 17. Qb2 bxc4 18. Bxc4 Rab8 19. Nd2 Nc5 20. Rfc1 Ba8 21. f3 Qa7 22. Bf2 Bd5 23. e4 Bxc4 24. Rxc4 Nfd7 25. Qc2 Qa6 26. Bxc5 Rxc5 27. Rc1 h6 28. Qc3 Rbc8 29. Qe3 Qb5 30. Kf2 R8c6 31. Rxc5 Nxc5 32. Rc4 Rb6 33. Rc3 Ne6 34. Qd3 Qxd3 35. Rxd3 Nc5 36. Rc3 Kf8 37. Ke2 Ke7 1/2-1/2

[Event "CZE-ch Amateur"]
[Site "Hluk"]
[Date "2023.05.11"]
[Round "9"]
[White "Sobek, Jaroslav"]
[Black "Hurtak, Otto"]
[Result "1/2-1/2"]
[WhiteElo "2192"]
[BlackElo "1953"]
[PlyCount "56"]
[EventDate "2023.05.06"]
[EventType "swiss"]
[EventRounds "9"]
[EventCountry "CZE"]
[SourceTitle "CBM 214 Extra"]
[Source "ChessBase"]
[SourceDate "2023.07.31"]
[SourceVersion "1"]
[SourceVersionDate "2023.07.31"]
[SourceQuality "1"]

1. d4 d5 2. c4 e6 3. Nc3 c5 4. cxd5 exd5 5. Nf3 Nf6 6. g3 Nc6 7. Bg2 Be7 8. 0-0 0-0 9. dxc5 d4 10. Na4 Bf5 11. Ne1 Be4 12. f3 Bg6 13. Bd2 Nd5 14. Qb3 Qd7 15. Rd1 f5 16. e4 dxe3 17. Bxe3 Bf7 18. Bf2 f4 19. Nc2 Rad8 20. Rfe1 Na5 21. Qa3 Nc4 22. Qb3 Na5 23. Qa3 Nc4 24. Qb3 Na5 25. Qa3 Nc4 26. Qd3 Qxa4 27. b3 Qe8 28. bxc4 Ne3 1/2-1/2

[Event "Moravia-Silesia Region-chT 2223"]
[Site "Czech Republic"]
[Date "2023.01.29"]
[Round "7"]
[White "Sobek, Jaroslav"]
[Black "Vanek, Ladislav"]
[Result "1/2-1/2"]
[WhiteElo "2182"]
[BlackElo "2147"]
[PlyCount "94"]
[EventDate "2022.10.09"]
[EventType "team-tourn"]
[EventRounds "11"]
[EventCountry "CZE"]
[SourceTitle "EXT 2024"]
[Source "ChessBase"]
[SourceDate "2023.10.10"]
[SourceVersion "1"]
[SourceVersionDate "2023.10.10"]
[SourceQuality "1"]
[WhiteTeam "Karvina"]
[BlackTeam "Bruntal"]
[WhiteTeamCountry "CZE"]
[BlackTeamCountry "CZE"]

1. d4 d5 2. c4 e5 3. dxe5 Ne7 4. cxd5 Qxd5 5. Bd2 Qxe5 6. Nc3 Nbc6 7. e4 a6 8. Nf3 Qd6 9. Be3 Qb4 10. Qc2 Be6 11. Be2 Ng6 12. 0-0 Bd6 13. Rfd1 0-0 14. Nd4 Be5 15. Nxc6 bxc6 16. Rac1 f5 17. exf5 Bxf5 18. Qb3+ Qxb3 19. axb3 Be6 20. Bc4 Bxc4 21. bxc4 Rfb8 22. Rd2 Rb4 23. Nd1 Rab8 24. Rcc2 Rb3 25. g3 Bf6 26. Rd7 R8b7 27. f4 h5 28. Bf2 a5 29. Kg2 a4 30. Rdd2 Ne7 31. Bd4 Bxd4 32. Rxd4 Nf5 33. Rd8+ Kh7 34. Rcd2 R7b4 35. Rf8 Kg6 36. Re2 Nh6 37. f5+ Nxf5 38. Re6+ Kg5 39. h4+ Nxh4+ 40. gxh4+ Kxh4 41. Re4+ Kg5 42. Rf7 Rd3 43. Nf2 Rxb2 44. Rxg7+ Kf5 45. Rf7+ Kg5 46. Re5+ Kg6 47. Rff5 a3 1/2-1/2

[Event "CZE-ch Betsys Online Blitz"]
[Site "Chess.com INT"]
[Date "2021.04.17"]
[Round "2"]
[White "Sobek, Jaroslav"]
[Black "Netusil, Miloslav"]
[Result "1-0"]
[WhiteElo "2198"]
[BlackElo "2146"]
[PlyCount "61"]
[EventDate "2021.04.17"]
[EventType "swiss (blitz)"]
[EventRounds "13"]
[EventCountry "CZE"]
[SourceTitle "CBM 201 Extra"]
[Source "ChessBase"]
[SourceDate "2021.05.31"]
[SourceVersion "1"]
[SourceVersionDate "2021.05.31"]
[SourceQuality "1"]

1. d4 d5 2. c4 e6 3. Nc3 Nf6 4. Bg5 Be7 5. e3 0-0 6. Nf3 h6 7. Bh4 Ne4 8. Bxe7 Qxe7 9. Rc1 c6 10. Bd3 f5 11. 0-0 Nd7 12. Ne2 Ndf6 13. Ne5 Bd7 14. Ng6 Qf7 15. Nxf8 Rxf8 16. f3 Nd6 17. cxd5 exd5 18. Re1 Qe8 19. Ng3 g6 20. Qc2 Qf7 21. Re2 h5 22. e4 fxe4 23. fxe4 dxe4 24. Nxe4 Nfxe4 25. Bxe4 Nxe4 26. Qxe4 Bf5 27. Qf4 Qxa2 28. Rf1 Qc4 29. Re7 Rd8 30. Rd1 c5 31. Qe5 1-0

[Event "CZE-ch Betsys Online Blitz"]
[Site "Chess.com INT"]
[Date "2021.04.17"]
[Round "12"]
[White "Sobek, Jaroslav"]
[Black "Novotny, Michal"]
[Result "0-1"]
[WhiteElo "2198"]
[BlackElo "2243"]
[PlyCount "78"]
[EventDate "2021.04.17"]
[EventType "swiss (blitz)"]
[EventRounds "13"]
[EventCountry "CZE"]
[SourceTitle "CBM 201 Extra"]
[Source "ChessBase"]
[SourceDate "2021.05.31"]
[SourceVersion "1"]
[SourceVersionDate "2021.05.31"]
[SourceQuality "1"]

1. d4 d5 2. c4 e6 3. Nc3 Nf6 4. Bg5 c6 5. e3 Nbd7 6. Nf3 Qa5 7. cxd5 Nxd5 8. Qd2 Nxc3 9. bxc3 b6 10. Bd3 Ba6 11. 0-0 Bxd3 12. Qxd3 f6 13. Bf4 Kf7 14. e4 Ba3 15. Rab1 Rac8 16. e5 Rhd8 17. exf6 Nxf6 18. Ng5+ Kg8 19. Be5 Qxe5 20. dxe5 Rxd3 21. exf6 gxf6 22. Nxe6 Rxc3 23. Rfd1 Kf7 24. Nf4 Rc7 25. Rd8 Rc1+ 26. Rxc1 Bxc1 27. Nd3 Ba3 28. Kf1 c5 29. Ke2 c4 30. Ne1 Re7+ 31. Kd1 b5 32. Nc2 Bc5 33. f3 Rc7 34. Rb8 a6 35. Ne1 b4 36. f4 a5 37. Nf3 a4 38. Nd2 Be3 39. Ke2 c3 0-1

[Event "CZE-chT2F 1920"]
[Site "Czech Republic"]
[Date "2020.06.28"]
[Round "11.1"]
[White "Sobek, Jaroslav"]
[Black "Vanek, Ladislav"]
[Result "1/2-1/2"]
[WhiteElo "2209"]
[BlackElo "2231"]
[PlyCount "52"]
[EventDate "2019.10.13"]
[EventType "team-tourn"]
[EventRounds "11"]
[EventCountry "CZE"]
[SourceTitle "EXT 2024"]
[Source "ChessBase"]
[SourceDate "2023.10.10"]
[SourceVersion "1"]
[SourceVersionDate "2023.10.10"]
[SourceQuality "1"]
[WhiteTeam "Karvina"]
[BlackTeam "Vrbno pod Pradedem"]
[WhiteTeamCountry "CZE"]
[BlackTeamCountry "CZE"]

1. d4 Nf6 2. c4 e6 3. Nc3 d5 4. Bf4 c5 5. e3 cxd4 6. exd4 Be7 7. Nf3 0-0 8. Rc1 Nc6 9. Bd3 Nb4 10. Be2 dxc4 11. Bxc4 a6 12. 0-0 b5 13. Be2 Bb7 14. Ne5 Bd6 15. Bg5 h6 16. Bh4 Be7 17. Qd2 Nd7 18. Nxd7 Qxd7 19. Bxe7 Qxe7 20. a3 Nc6 21. Rfd1 Rfd8 22. d5 exd5 23. Bf3 Ne5 24. Bxd5 Bxd5 25. Nxd5 Qg5 26. Qxg5 hxg5 1/2-1/2

[Event "CZE-chT2F 1819"]
[Site "Czech Republic"]
[Date "2019.01.27"]
[Round "7.4"]
[White "Sramek, Vojtech"]
[Black "Sobek, Jaroslav"]
[Result "0-1"]
[WhiteElo "2185"]
[BlackElo "2218"]
[PlyCount "82"]
[EventDate "2018.10.14"]
[EventType "team-tourn"]
[EventRounds "11"]
[EventCountry "CZE"]
[SourceTitle "EXT 2022"]
[Source "ChessBase"]
[SourceDate "2021.10.06"]
[SourceVersion "1"]
[SourceVersionDate "2021.10.06"]
[SourceQuality "1"]
[WhiteTeam "Orlova Slavia II"]
[BlackTeam "Karvina"]
[WhiteTeamCountry "CZE"]
[BlackTeamCountry "CZE"]

1. e4 d5 2. exd5 Qxd5 3. Nc3 Qd6 4. d4 Nf6 5. Nf3 a6 6. g3 Bg4 7. Bg2 Nc6 8. 0-0 0-0-0 9. d5 Nb4 10. Bf4 Qc5 11. Be3 Qc4 12. Qd2 Bxf3 13. Bxf3 Nbxd5 14. Nxd5 Nxd5 15. Rfd1 e6 16. b3 Qb4 17. c3 Qe7 18. Bd4 f6 19. c4 Nb4 20. a3 e5 21. Bg4+ Kb8 22. Ba7+ Kxa7 23. Qxd8 Nc2 24. Ra2 Nd4 25. Qxe7 Bxe7 26. b4 f5 27. Bh3 g5 28. Bg2 g4 29. c5 c6 30. a4 Kb8 31. Bf1 h5 32. b5 axb5 33. axb5 cxb5 34. Rb1 Bxc5 35. Bxb5 h4 36. Ba6 b6 37. Kh1 hxg3 38. fxg3 f4 39. gxf4 exf4 40. Bd3 g3 41. Be4 f3 0-1

[Event "CZE-chT2F 1718"]
[Site "Czech Republic"]
[Date "2018.02.25"]
[Round "9.1"]
[White "Sobek, Jaroslav"]
[Black "Murdzia, Piotr"]
[Result "1/2-1/2"]
[WhiteElo "2247"]
[BlackElo "2439"]
[PlyCount "91"]
[EventDate "2017.10.15"]
[EventType "team-tourn"]
[EventRounds "11"]
[EventCountry "CZE"]
[SourceTitle "EXT 2022"]
[Source "ChessBase"]
[SourceDate "2021.10.06"]
[SourceVersion "1"]
[SourceVersionDate "2021.10.06"]
[SourceQuality "1"]
[WhiteTeam "Karvina"]
[BlackTeam "Poruba Slavoj II"]
[WhiteTeamCountry "CZE"]
[BlackTeamCountry "CZE"]

1. d4 Nf6 2. c4 g6 3. Nc3 d5 4. Bf4 Bg7 5. e3 0-0 6. Rc1 c5 7. dxc5 Qa5 8. cxd5 Rd8 9. Bc4 Be6 10. Nge2 Bxd5 11. Qb3 Na6 12. 0-0 Nxc5 13. Qb5 Qxb5 14. Bxb5 Ne6 15. Be5 a6 16. Ba4 b5 17. Bc2 Bb7 18. Nd4 Nc5 19. Nb3 Rac8 20. Nxc5 Rxc5 21. Bd4 Rcc8 22. Bb3 Ng4 23. Bxg7 Kxg7 24. Rcd1 Ne5 25. Rxd8 Rxd8 26. Rd1 Rxd1+ 27. Nxd1 Nd3 28. a3 Kf6 29. f3 Ke5 30. Bc2 Nc5 31. Kf2 a5 32. f4+ Kd6 33. Nc3 Bc6 34. b4 axb4 35. axb4 Na4 36. Nb1 Nb6 37. Nc3 Nc4 38. Bd3 Na3 39. e4 e5 40. g3 f6 41. Ke3 Bd7 42. f5 gxf5 43. exf5 Bc6 44. g4 h6 45. h4 Ke7 46. Nb1 1/2-1/2

[Event "CZE-chT2F 1718"]
[Site "Czech Republic"]
[Date "2018.02.11"]
[Round "8.3"]
[White "Zdrazil, Tomas"]
[Black "Sobek, Jaroslav"]
[Result "1-0"]
[WhiteElo "2044"]
[BlackElo "2247"]
[PlyCount "43"]
[EventDate "2017.10.15"]
[EventType "team-tourn"]
[EventRounds "11"]
[EventCountry "CZE"]
[SourceTitle "EXT 2022"]
[Source "ChessBase"]
[SourceDate "2021.10.06"]
[SourceVersion "1"]
[SourceVersionDate "2021.10.06"]
[SourceQuality "1"]
[WhiteTeam "Olomouc ASK"]
[BlackTeam "Karvina"]
[WhiteTeamCountry "CZE"]
[BlackTeamCountry "CZE"]

1. e4 c5 2. Nf3 d6 3. d4 cxd4 4. Nxd4 Nf6 5. Nc3 a6 6. Bg5 Nbd7 7. f4 h6 8. Bh4 Qb6 9. Qd2 Qxb2 10. Rd1 e6 11. Be2 Qb6 12. 0-0 e5 13. Bf2 exd4 14. Bxd4 Qc7 15. e5 Be7 16. exf6 Nxf6 17. Rf3 0-0 18. Rg3 Bf5 19. Nd5 Qd8 20. Bd3 Bxd3 21. Qxd3 g6 22. Rxg6+ 1-0